Normal view
MARC view
- Arctic regions
Entry Geographic Name
001 - CONTROL NUMBER
- control field: 21263
003 - CONTROL NUMBER IDENTIFIER
- control field: KE-NaSUL
005 - DATE AND TIME OF LATEST TRANSACTION
- control field: 20250825143113.0
008 - FIXED-LENGTH DATA ELEMENTS
- fixed length control field: 250825|| aca||aabn | a|a d
040 ## - CATALOGING SOURCE
- Original cataloging agency: KE-NaSUL
- Transcribing agency: KE-NaSUL
151 ## - HEADING--GEOGRAPHIC NAME
- Geographic name: Arctic regions
670 ## - SOURCE DATA FOUND
- Source citation: Work cat.: (KE-NaSUL)13825: Anderson, William R., 21261, Nautilus 90 north,, [1959]